| 000 | 00504nam a2200157 i 4500 | ||
|---|---|---|---|
| 001 | 39551 | ||
| 003 | ES-MaACL | ||
| 005 | 20230906160026.0 | ||
| 007 | t| | ||
| 008 | 030303s1971 sp ||||1| spa d | ||
| 100 | 1 |
_aCano Pavón, José Manuel. _934563 |
|
| 245 | 1 | 0 |
_aAplicaciones analíticas de la tiosemicarbozona del picolinaldeído / _cpor José Manuel Cano Pavón. |
| 260 |
_aSevilla : _bUniversidad, _c1971. |
||
| 300 |
_a166 p., 11 gráf. : _bil. ; _c24 cm. |
||
| 852 |
_aES-MaACL _jC-39057 _bR.79460 |
||
| 999 |
_c39551 _d39551 |
||